| 000 | 00598nam a2200229Ia 4500 | ||
|---|---|---|---|
| 003 | GCL | ||
| 008 | 140319s9999 xx 000 0 eng d | ||
| 040 |
_aGCL / _cGCL |
||
| 082 | 0 | 4 |
_a371.50973 _bC M |
| 100 | 1 | _aCHARLTON,TONY | |
| 245 | 1 | 0 |
_aMANAGING MISBEHAVIOUR IN SCHOOLS / _cCHARLTON,TONY |
| 700 | 1 | _aDAVID, KENNETH | |
| 260 |
_a[S.N] : _bROUTLEDGE ، _c1993 |
||
| 300 | _a248 | ||
| 650 | 0 | 4 | _aBEHAVIOR MODIFICATION |
| 650 | 0 | 4 | _aUNITED STATES |
| 650 | 0 | 4 | _aEDUCATION |
| 650 | 0 | 4 | _aSCHOOL MANAGEMENT |
| 650 | 0 | 4 | _aSCHOOL DISCIPLINE |
| 650 | 0 | 4 | _aCHILDREN - PROBLEM |
| 942 |
_2ddc _cBK |
||
| 999 |
_c19540 _d19540 |
||